| 000 | 00601nam a22002177i 4500 | ||
|---|---|---|---|
| 003 | URS | ||
| 005 | 20220114152557.0 | ||
| 008 | 170222b xxu||||| |||| 00| 0 eng d | ||
| 020 | _a0553213350 | ||
| 040 |
_erda _cURSP-College Library _beng |
||
| 050 | 0 | 0 | _bL8461 1988 |
| 100 | 1 | _aLondon, Jack | |
| 245 |
_aTo Build a Fire and Other Stories _cJack London |
||
| 264 | 1 |
_aNew York _bBantam Books _c1988. |
|
| 300 |
_a388pages _c17cm. |
||
| 336 |
_atext _btxt _2rdacontent |
||
| 337 |
_aunmediated _bn _2rdamedia |
||
| 338 |
_avolume _bnc _2rdacarrier |
||
| 500 | _aIncludes bibliography | ||
| 942 |
_2lcc _cFR |
||
| 999 |
_c6945 _d6945 |
||